LDR 00857naa#a2200169#i#450# 001 RU\\bibl\19750 005 20260603050141.3 100 ## _a20260601b2026####ek#y0rusy0150####ca 102 ## _aRU 200 1# _aЭКОЛОГИЧЕСКИЕ ПЕРСПЕКТИВЫ РАЗВИТИЯ ПАЛОМНИЧЕСКОГО ТУРИЗМА _eСтатья/тезисы конференции 210 1# _aВоронеж _cВоронежский государственный лесотехнический университет имени Г.Ф. Морозова _d2026 215 ## _a5 с. 608 ## _aСтатья/тезисы конференции _2local 675 ## _aЦели региональной экономической политики. 332.142 _z 700 #1 _aВаргузина _gМ. Г. 700 #1 _aЯковенко _gНаталия Владимировна 856 4# _abibl.vgltu.ru _u